000 00331nam a2200133Ia 4500
005 20260326235504.0
008 260326s9999||||xx |||||||||||||| ||und||
100 _aTafuri, Manfredo
245 0 _aTheories and History of Architecture /
_cManfredo Tafuri
260 _bGranada
300 _a323 p.
650 _aHISTORIA
942 _cBK
999 _c8123
_d8123